000 00516nam a2200217Ia 4500
003 OSt
005 20220928151249.0
006 a|||||r|||| 00| 0
007 ta
008 220927b |||||||| |||| 00| 0 eng d
024 _a122093
037 _cTextual
040 _aSDCL
_cSDCL
_beng
041 _2eng
_aeng
082 _aC214, L4
100 _aKrieev P S
_9516709
245 0 _aSemiconductor physics.
260 _c1974
942 _hC214, L4
_cTEXL
_2CC
999 _c850584
_d850584